[Event "Oberliga NRW 8889 I"]
[Site "Germany"]
[Date "1989.??.??"]
[Round "2"]
[White "Liemann, Michael"]
[Black "Von der Warth, Guido"]
[Result "1-0"]
[WhiteElo "1975"]
[BlackElo "1980"]
[PlyCount "99"]
[EventDate "1988.10.??"]
[EventType "team"]
[EventRounds "9"]
[EventCountry "GER"]
[SourceTitle "EXT 1997"]
[Source "ChessBase"]
[SourceDate "1996.11.15"]
[SourceVersion "1"]
[SourceVersionDate "1996.11.15"]
[SourceQuality "1"]
[WhiteTeam "Nordwalde"]
[BlackTeam "Duisburg II"]
[WhiteTeamCountry "GER"]
[BlackTeamCountry "GER"]

1. e4 c6 2. d4 d5 3. exd5 cxd5 4. Bd3 Nc6 5. c3 g6 6. Bf4 Nf6 7. Nf3 Nh5 8. Be5 f6 9. Bg3 Bh6 10. Qc2 Be6 11. Nbd2 Bf7 12. Qb3 Qd7 13. 0-0 0-0 14. Rfe1 Nf4 15. Bf1 Rfe8 16. Rad1 Rac8 17. Qa3 a6 18. h3 Nh5 19. Bh2 Bf4 20. Bxf4 Nxf4 21. Nb3 Qc7 22. Nc5 e5 23. Qb3 Re7 24. Qxb7 Qxb7 25. Nxb7 Rxb7 26. Bxa6 Rcb8 27. Bxb7 Rxb7 28. b4 e4 29. Nd2 Nd3 30. Rf1 Nb2 31. Rb1 Na4 32. Rfc1 f5 33. b5 Na5 34. Rb4 Nb6 35. Nb3 Nac4 36. a4 Ra7 37. a5 Rxa5 38. Nxa5 Nxa5 39. Ra1 Nac4 40. Ra6 g5 41. Rxc4 Nxc4 42. b6 Nxb6 43. Rxb6 Kf8 44. Rf6 f4 45. Rf5 h6 46. g3 f3 47. h4 g4 48. Kf1 Ke7 49. Ke1 Ke6 50. Re5+ 1-0

[Event "Oberliga NRW 8889 I"]
[Site "Germany"]
[Date "1989.??.??"]
[Round "2"]
[White "Von der Warth, Guido"]
[Black "Skolarski, Hans Georg"]
[Result "0-1"]
[WhiteElo "1980"]
[BlackElo "2260"]
[PlyCount "36"]
[EventDate "1988.10.??"]
[EventType "team"]
[EventRounds "9"]
[EventCountry "GER"]
[SourceTitle "EXT 1997"]
[Source "ChessBase"]
[SourceDate "1996.11.15"]
[SourceVersion "1"]
[SourceVersionDate "1996.11.15"]
[SourceQuality "1"]
[WhiteTeam "Duisburg II"]
[BlackTeam "Bottrop"]
[WhiteTeamCountry "GER"]
[BlackTeamCountry "GER"]

1. d4 c5 2. c3 d5 3. Nf3 Nc6 4. dxc5 a5 5. Bf4 f6 6. Na3 e5 7. Be3 Nge7 8. Qd2 Nf5 9. Rd1 Be6 10. g3 a4 11. Nb5 Qa5 12. Nd6+ Bxd6 13. cxd6 Nxd6 14. Bg2 Nc4 15. Qc1 Qb5 16. 0-0 Nxb2 17. Qb1 Ra5 18. Rc1 Ne7 0-1